Disney Characters - Statistics

General Stats
  • This quiz has been taken 10,837 times
    10,830 since last reset
  • The average score is 13 of 15
Answer Stats
Hint Answer % Correct
The original mouse character Mickey Mouse
99%
The little mermaid Ariel
97%
Honey-obsessed bear Winnie the Pooh
97%
Talkative Duck Donald Duck
96%
The girlfriend of ^ Minnie Mouse
96%
Bites into the poison apple Snow White
95%
Princess who is put to work Cinderella
93%
The mouse's dog Pluto
92%
Princess with long hair Repunzel
92%
The mouse's best friend Goofy
89%
The evil octopus woman Ursula
88%
The best friend of ^ Piglet
82%
The bear in Jungle Book Baloo
79%
The donkey who lives in the Hundred Acre Woods Eeyore
73%
Roo's mother Kanga
67%
No matching quizzes found
Score Distribution
Percent of People with Each Score
Percentile by Number Answered
Your Score History
You have not taken this quiz since the last reset